000 00317nam a2200109Ia 4500
008 171205s9999 xx 000 0 und d
020 _a9789715426732
100 _aOrtiz, Will P.
245 _cWill P. Ortiz
_aBugtong ng Buwan at iba pang kuwento
260 _bUniversity of the Philippines
_c2011
300 _a117 pages
999 _c347362
_d347362